[Event "5th Batumi Municipality Cup 2019"]
[Site "Batumi"]
[Date "2019.07.04"]
[Round "1.1"]
[White "Poghosyan, Suren"]
[Black "Pantsulaia, Levan"]
[Result "0-1"]
[WhiteElo "2298"]
[BlackElo "2612"]
[Annotator "ChessBase"]
[PlyCount "70"]
[EventDate "2019.07.04"]
[EventCountry "GEO"]
[SourceTitle "playchess.com"]
[Source "ChessBase"]
[SourceQuality "1"]

1. d4 Nf6 2. c4 c5 3. e3 cxd4 4. exd4 d5 5. Nc3 Nc6 6. Nf3 Be6 7. cxd5 Bxd5 8. Ne5 e6 9. Qa4 Rc8 10. Nxd5 Qxd5 11. Nxc6 Rxc6 12. Bb5 Qxg2 13. Rf1 Bd6 14. Bd2 Bxh2 15. Bxc6+ bxc6 16. O-O-O O-O 17. f3 Nh5 18. Be3 Bf4 19. Bxf4 Nxf4 20. Qc2 Qg5 21. Kb1 Qb5 22. Rh1 h5 23. Rh4 Ng6 24. Rh2 Rd8 25. a4 Qd5 26. Rdh1 Nf4 27. Qc3 Rd6 28. Rd2 g5 29. Re1 Ng6 30. Re4 g4 31. Rg2 f5 32. Ree2 Nf4 33. fxg4 hxg4 34. Qe3 Qxd4 35. Rh2 Qd1+ 0-1

[Event "5th Batumi Municipality Cup 2019"]
[Site "Batumi"]
[Date "2019.07.04"]
[Round "1.3"]
[White "Mustafayev, Farid"]
[Black "Sargsyan, Shant"]
[Result "0-1"]
[WhiteElo "2289"]
[BlackElo "2529"]
[Annotator "ChessBase"]
[PlyCount "120"]
[EventDate "2019.07.04"]
[EventCountry "GEO"]
[SourceTitle "playchess.com"]
[Source "ChessBase"]
[SourceQuality "1"]

1. d4 Nf6 2. Nf3 d5 3. Bf4 e6 4. e3 c5 5. c3 Bd6 6. Ne5 O-O 7. Bd3 Nc6 8. Nxc6 bxc6 9. Bg3 cxd4 10. exd4 Re8 11. O-O Bxg3 12. hxg3 e5 13. dxe5 Rxe5 14. Nd2 Ng4 15. Qa4 Qb6 16. Nf3 Re7 17. Qc2 Ba6 18. Bxa6 Qxa6 19. Rfe1 Rxe1+ 20. Rxe1 Qxa2 21. Nd4 Qa6 22. Qd2 Nf6 23. Nf5 h6 24. Qd4 Re8 25. Rxe8+ Nxe8 26. Qe5 Nf6 27. Nxh6+ Kh7 28. g4 Kxh6 29. g5+ Kg6 30. gxf6 gxf6 31. Qg3+ Kf5 32. Qc7 Ke6 33. Qb8 Ke7 34. Qc7+ Ke6 35. Qb8 Qb6 36. Qe8+ Kf5 37. Qxf7 Qxb2 38. Qd7+ Ke4 39. Qxc6 Qb6 40. Qd7 a5 41. g4 Kd3 42. Qxd5+ Kxc3 43. Qa2 Qb4 44. Qa1+ Kc2 45. Qa2+ Kd3 46. Qd5+ Kc3 47. Qf3+ Kc2 48. Qf5+ Kc1 49. Qxf6 Qxg4+ 50. Kh2 a4 51. Qa1+ Kd2 52. Qe5 Qb4 53. Qe3+ Kd1 54. Qd3+ Ke1 55. Qe3+ Kf1 56. Qc1+ Kxf2 57. Qc2+ Ke3 58. Kh3 Qb3 59. Qc5+ Kf4+ 60. Kh4 Qg3+ 0-1

[Event "5th Batumi Municipality Cup 2019"]
[Site "Batumi"]
[Date "2019.07.04"]
[Round "1.4"]
[White "Sanikidze, Tornike"]
[Black "Manukyan, Sargis V."]
[Result "1-0"]
[WhiteElo "2509"]
[BlackElo "2282"]
[Annotator "ChessBase"]
[PlyCount "89"]
[EventDate "2019.07.04"]
[EventCountry "GEO"]
[SourceTitle "playchess.com"]
[Source "ChessBase"]
[SourceQuality "1"]

1. d4 Nf6 2. c4 c5 3. d5 b5 4. cxb5 a6 5. b6 e6 6. Nc3 Nxd5 7. Nxd5 exd5 8. Qxd5 Nc6 9. Nf3 Rb8 10. Ne5 Qf6 11. Nxc6 dxc6 12. Qe4+ Be7 13. g3 Rxb6 14. Bg2 Bf5 15. Qa4 O-O 16. O-O Qd4 17. Bxc6 Bf6 18. Qxd4 Bxd4 19. Bd5 Rc8 20. Bc4 a5 21. a4 Bxb2 22. Bxb2 Rxb2 23. Rfd1 Rb4 24. Rac1 Rxa4 25. Ba6 Ra8 26. Rxc5 Be6 27. Bc8 h6 28. Bxe6 fxe6 29. Rd7 Rg4 30. f4 a4 31. Rcc7 e5 32. Ra7 Re8 33. f5 e4 34. Rxa4 Rf8 35. Rd5 Rg5 36. Raa5 e3 37. Re5 Rf6 38. Kg2 g6 39. Ra8+ Rf8 40. Rxf8+ Kxf8 41. h4 Rh5 42. Rxe3 gxf5 43. Re5 Kg7 44. Kf3 Kf6 45. Ra5 1-0

[Event "5th Batumi Municipality Cup 2019"]
[Site "Batumi"]
[Date "2019.07.04"]
[Round "1.5"]
[White "Primbetov, Kazbek"]
[Black "Quparadze, Giga"]
[Result "0-1"]
[WhiteElo "2275"]
[BlackElo "2499"]
[Annotator "ChessBase"]
[PlyCount "84"]
[EventDate "2019.07.04"]
[EventCountry "GEO"]
[SourceTitle "playchess.com"]
[Source "ChessBase"]
[SourceQuality "1"]

1. e4 c5 2. Nc3 e6 3. f4 d5 4. Nf3 Be7 5. d3 Nc6 6. g3 dxe4 7. dxe4 Qxd1+ 8. Nxd1 Nf6 9. e5 Nd5 10. c3 b6 11. Ne3 Bb7 12. Bg2 O-O-O 13. O-O Na5 14. Nxd5 Bxd5 15. b3 h5 16. Be3 h4 17. Rad1 hxg3 18. hxg3 Nc6 19. Rd2 a5 20. Rfd1 Kc7 21. c4 Be4 22. Rxd8 Bxd8 23. Nd2 Bxg2 24. Kxg2 a4 25. Ne4 axb3 26. axb3 Be7 27. Nc3 Ra8 28. Nb5+ Kc8 29. Rh1 Ra2+ 30. Kf3 Rb2 31. Rh7 Rxb3 32. Rxg7 Nd4+ 33. Kf2 Nf5 34. Rxf7 Kd8 35. Bc1 Nxg3 36. Nc7 Kd7 37. Nd5 Ne4+ 38. Kg2 exd5 39. cxd5 Rc3 40. f5 Ke8 41. Rg7 Rxc1 42. Kf3 Re1 0-1

[Event "5th Batumi Municipality Cup 2019"]
[Site "Batumi"]
[Date "2019.07.04"]
[Round "1.6"]
[White "Maghalashvili, Davit"]
[Black "Akhvlediani, Irakli"]
[Result "1-0"]
[WhiteElo "2485"]
[BlackElo "2259"]
[Annotator "ChessBase"]
[PlyCount "49"]
[EventDate "2019.07.04"]
[EventCountry "GEO"]
[SourceTitle "playchess.com"]
[Source "ChessBase"]
[SourceQuality "1"]

1. Nf3 g6 2. c4 Bg7 3. d4 Nf6 4. g3 O-O 5. Bg2 d6 6. O-O Nc6 7. Nc3 e5 8. d5 Nb8 9. e4 a5 10. Ne1 Na6 11. Nd3 Nd7 12. Be3 Nb6 13. b3 f5 14. Qd2 Bd7 15. Rac1 Qe7 16. Nb5 Nc8 17. Qxa5 f4 18. Bd2 b6 19. Qc3 f3 20. Bh1 Bh3 21. Rfe1 g5 22. b4 g4 23. a4 Qf6 24. c5 Bh6 25. Bxh6 1-0

[Event "5th Batumi Municipality Cup 2019"]
[Site "Batumi"]
[Date "2019.07.04"]
[Round "1.7"]
[White "Babazada, Khazar"]
[Black "Urazayev, Arystanbek"]
[Result "1/2-1/2"]
[WhiteElo "2247"]
[BlackElo "2436"]
[Annotator "NA"]
[PlyCount "44"]
[EventDate "2019.07.04"]
[EventCountry "GEO"]
[SourceTitle "playchess.com"]
[Source "ChessBase"]
[SourceQuality "1"]

1. e4 e5 2. Nf3 Nc6 3. Bb5 a6 4. Ba4 Nf6 5. O-O Be7 6. Re1 b5 7. Bb3 O-O 8. c3 d5 9. exd5 Nxd5 10. Nxe5 Nxe5 11. Rxe5 c6 12. d4 Bd6 13. Re1 Qh4 14. g3 Qh3 15. Qe2 Bg4 16. Qf1 Qh5 17. Nd2 Rae8 18. Rxe8 Rxe8 19. f3 Bh3 20. Qf2 Bc7 21. Nf1 Qg6 22. Bc2 Bf5 1/2-1/2

[Event "5th Batumi Municipality Cup 2019"]
[Site "Batumi"]
[Date "2019.07.04"]
[Round "1.8"]
[White "Barsov, Alexei"]
[Black "Sargissyan, Sargis"]
[Result "1/2-1/2"]
[WhiteElo "2397"]
[BlackElo "2229"]
[Annotator "NA"]
[PlyCount "51"]
[EventDate "2019.07.04"]
[EventCountry "GEO"]
[SourceTitle "playchess.com"]
[Source "ChessBase"]
[SourceQuality "1"]

1. d4 Nf6 2. c4 g6 3. Nf3 Bg7 4. g3 O-O 5. Bg2 d6 6. O-O Nbd7 7. Nc3 e5 8. e4 exd4 9. Nxd4 Nc5 10. h3 Re8 11. Re1 Bd7 12. b4 Ne6 13. Be3 Nxd4 14. Bxd4 Be6 15. Nd5 c6 16. Nxf6+ Bxf6 17. Rc1 a5 18. a3 axb4 19. axb4 Bxd4 20. Qxd4 Ra4 21. Rb1 Rxb4 22. Rxb4 c5 23. Qc3 cxb4 24. Qxb4 Qc7 25. Bf1 Rc8 26. Rd1 1/2-1/2

[Event "5th Batumi Municipality Cup 2019"]
[Site "Batumi"]
[Date "2019.07.04"]
[Round "1.9"]
[White "Dolzhykova, Kateryna"]
[Black "Sibashvili, Giorgi"]
[Result "1/2-1/2"]
[WhiteElo "2228"]
[BlackElo "2389"]
[Annotator "NA"]
[PlyCount "101"]
[EventDate "2019.07.04"]
[EventCountry "GEO"]
[SourceTitle "playchess.com"]
[Source "ChessBase"]
[SourceQuality "1"]

1. e4 c5 2. Nf3 Nc6 3. Bb5 g6 4. Bxc6 dxc6 5. d3 Bg7 6. h3 Nf6 7. O-O O-O 8. Bd2 c4 9. e5 Nd7 10. d4 b5 11. Nc3 Nb6 12. Qc1 f6 13. Bh6 fxe5 14. Bxg7 Kxg7 15. Nxe5 Qxd4 16. Qg5 Qd6 17. Ne4 Qc7 18. Ng3 Bf5 19. Rfe1 Nd5 20. Rad1 e6 21. Rd4 Qd8 22. Nxf5+ Rxf5 23. Qxd8 Rxd8 24. Nxc6 Rd6 25. Nxa7 Rb6 26. Nc8 Rc6 27. Rxd5 Rxd5 28. Ne7 Rcd6 29. Nxd5 Rxd5 30. Rxe6 Rd1+ 31. Kh2 Rd2 32. Rb6 Rxf2 33. Rxb5 Rxc2 34. a4 c3 35. Rb7+ Kh6 36. bxc3 Rxc3 37. a5 Ra3 38. Ra7 Kg5 39. a6 h5 40. Ra8 h4 41. Kg1 Kf4 42. a7 Ra1+ 43. Kf2 Ra2+ 44. Kf1 Ra1+ 45. Ke2 Ra2+ 46. Kd3 Kg5 47. Ke4 Ra4+ 48. Ke5 Ra1 49. Ke6 Re1+ 50. Kf7 Rf1+ 51. Kg7 1/2-1/2

[Event "5th Batumi Municipality Cup 2019"]
[Site "Batumi"]
[Date "2019.07.04"]
[Round "1.10"]
[White "Aliyev, Ravan"]
[Black "Eynullayev, Atilla"]
[Result "1-0"]
[WhiteElo "2385"]
[BlackElo "2228"]
[Annotator "NA"]
[PlyCount "59"]
[EventDate "2019.07.04"]
[EventCountry "GEO"]
[SourceTitle "playchess.com"]
[Source "ChessBase"]
[SourceQuality "1"]

1. Nf3 Nf6 2. g3 d5 3. Bg2 c5 4. O-O Nc6 5. d3 e6 6. Nbd2 g6 7. e4 Bg7 8. Re1 O-O 9. c3 a5 10. exd5 exd5 11. Nf1 d4 12. c4 Bf5 13. a3 Re8 14. Rxe8+ Qxe8 15. h3 h5 16. Nh4 Be6 17. Bf4 Qd7 18. Kh2 Nh7 19. Nf3 f6 20. N3d2 g5 21. Ne4 Bf7 22. Bd2 Bf8 23. Qa4 Ne5 24. Qxd7 Nxd7 25. f4 Be7 26. Re1 Kf8 27. Nf2 gxf4 28. gxf4 Rb8 29. Be4 Bg8 30. Bf5 1-0

[Event "5th Batumi Municipality Cup 2019"]
[Site "Batumi"]
[Date "2019.07.04"]
[Round "1.11"]
[White "Kutsanyan, Andranik"]
[Black "Kekelidze, Mikheil"]
[Result "1-0"]
[WhiteElo "2223"]
[BlackElo "2378"]
[Annotator "NA"]
[PlyCount "105"]
[EventDate "2019.07.04"]
[EventCountry "GEO"]
[SourceTitle "playchess.com"]
[Source "ChessBase"]
[SourceQuality "1"]

1. e4 c5 2. b3 g6 3. Bb2 Nf6 4. e5 Nd5 5. d4 Qa5+ 6. c3 cxd4 7. Qxd4 Nc6 8. Qd2 Nc7 9. f4 Bh6 10. Nf3 O-O 11. b4 Qb6 12. Na3 Ne6 13. g3 f6 14. Qd5 Bg7 15. Nc4 Qc7 16. b5 fxe5 17. fxe5 Na5 18. Nxa5 Qxa5 19. Be2 Qb6 20. c4 d6 21. Rc1 Rd8 22. c5 dxc5 23. Qc4 a6 24. Qb3 axb5 25. Bxb5 Qa5+ 26. Rc3 Qxa2 27. Qc2 Bd7 28. Bc4 Qa4 29. Ng5 Qc6 30. O-O Bh6 31. Nf7 Bg7 32. Nxd8 Rxd8 33. Rd3 b5 34. Bxe6+ Qxe6 35. Qxc5 Rc8 36. Qd5 Qxd5 37. Rxd5 Be6 38. Rdd1 h5 39. Rc1 Bc4 40. Rfd1 Bh6 41. Ra1 Be3+ 42. Kg2 Be2 43. Rdc1 Bxc1 44. Rxc1 Bc4 45. Kf3 Kf7 46. Kf4 Rd8 47. Rc2 Rd3 48. Rf2 Be6 49. Ke4+ Bf5+ 50. Rxf5+ gxf5+ 51. Kxd3 Ke6 52. Ke3 Kd5 53. Kf4 1-0

[Event "5th Batumi Municipality Cup 2019"]
[Site "Batumi"]
[Date "2019.07.04"]
[Round "1.12"]
[White "Garayev, Kanan"]
[Black "Yeritsyan, Hayk"]
[Result "1/2-1/2"]
[WhiteElo "2351"]
[BlackElo "2210"]
[Annotator "NA"]
[PlyCount "44"]
[EventDate "2019.07.04"]
[EventCountry "GEO"]
[SourceTitle "playchess.com"]
[Source "ChessBase"]
[SourceQuality "1"]

1. d4 d5 2. c4 e6 3. Nc3 Be7 4. Nf3 Nf6 5. Bf4 O-O 6. e3 c5 7. dxc5 Bxc5 8. cxd5 exd5 9. Be2 Nc6 10. O-O a6 11. Rc1 Ba7 12. Nd4 Re8 13. Bg5 Nxd4 14. exd4 Qd6 15. Bxf6 Qxf6 16. Nxd5 Qd6 17. Nc3 Bxd4 18. Bf3 Be6 19. Ne2 Be5 20. Qxd6 Bxd6 21. Bxb7 Rab8 22. Bc6 Rec8 1/2-1/2

[Event "5th Batumi Municipality Cup 2019"]
[Site "Batumi"]
[Date "2019.07.04"]
[Round "1.13"]
[White "Eynullayev, Altay"]
[Black "Gharibyan, Mamikon"]
[Result "0-1"]
[WhiteElo "2188"]
[BlackElo "2350"]
[Annotator "NA"]
[PlyCount "72"]
[EventDate "2019.07.04"]
[EventCountry "GEO"]
[SourceTitle "playchess.com"]
[Source "ChessBase"]
[SourceQuality "1"]

1. d4 e6 2. c4 d5 3. Nf3 Nf6 4. g3 Bb4+ 5. Bd2 Be7 6. Bg2 O-O 7. O-O c6 8. Qc2 Ne4 9. Bf4 Nd7 10. Rd1 g5 11. Bc1 f5 12. Nc3 b6 13. Ne5 Nxe5 14. dxe5 Qe8 15. Nxe4 fxe4 16. Be3 Ba6 17. Rac1 Qg6 18. f3 Bxc4 19. b3 Ba6 20. fxe4 Ba3 21. Rb1 c5 22. Bc1 Bxc1 23. Rbxc1 d4 24. b4 Rac8 25. bxc5 bxc5 26. Rf1 g4 27. Rxf8+ Kxf8 28. Rf1+ Kg8 29. Qd2 Qh5 30. Rf4 Qxe5 31. Rxg4+ Kh8 32. Qh6 d3 33. Rh4 Qd4+ 34. e3 Qg7 35. Qxe6 d2 36. Bf3 Qa1+ 0-1

[Event "5th Batumi Municipality Cup 2019"]
[Site "Batumi"]
[Date "2019.07.04"]
[Round "1.14"]
[White "Morchiashvili, Bachana"]
[Black "Haussernot, Cecile"]
[Result "1-0"]
[WhiteElo "2335"]
[BlackElo "2178"]
[Annotator "NA"]
[PlyCount "63"]
[EventDate "2019.07.04"]
[EventCountry "GEO"]
[SourceTitle "playchess.com"]
[Source "ChessBase"]
[SourceQuality "1"]

1. d4 d5 2. Nf3 Nf6 3. c4 c6 4. e3 Bf5 5. Nc3 e6 6. Nh4 Bg6 7. Qb3 Qb6 8. Nxg6 hxg6 9. g3 Nbd7 10. Bg2 g5 11. O-O dxc4 12. Qxc4 Qa5 13. e4 Nb6 14. Qe2 e5 15. d5 g4 16. dxc6 bxc6 17. Bg5 Qb4 18. Bxf6 gxf6 19. Rfd1 Bc5 20. Rac1 Bd4 21. Qxg4 Qxb2 22. Ne2 c5 23. Nxd4 cxd4 24. Qg7 Ke7 25. Rc7+ Nd7 26. Rdc1 Raf8 27. R1c6 Kd8 28. Qg4 Nb6 29. Rb7 Qb5 30. Rbxb6 axb6 31. Qc8+ Ke7 32. Qb7+ 1-0

[Event "5th Batumi Municipality Cup 2019"]
[Site "Batumi"]
[Date "2019.07.04"]
[Round "1.15"]
[White "Kusluvan, Yekaterina"]
[Black "Chkhaidze, Nikoloz"]
[Result "0-1"]
[WhiteElo "2155"]
[BlackElo "2330"]
[Annotator "NA"]
[PlyCount "84"]
[EventDate "2019.07.04"]
[EventCountry "GEO"]
[SourceTitle "playchess.com"]
[Source "ChessBase"]
[SourceQuality "1"]

1. e4 d6 2. d4 Nf6 3. Nc3 Nbd7 4. g3 e5 5. Nge2 Be7 6. Bg2 O-O 7. O-O c6 8. h3 b5 9. a3 Bb7 10. g4 a5 11. Ng3 b4 12. axb4 axb4 13. Rxa8 Bxa8 14. Nce2 d5 15. dxe5 Nxe5 16. f4 Bc5+ 17. Kh1 Nexg4 18. hxg4 Nxg4 19. Bh3 Nf2+ 20. Rxf2 Bxf2 21. e5 d4 22. Nf5 g6 23. Qf1 d3 24. cxd3 Qxd3 25. Nh6+ Kg7 26. f5 c5+ 27. Kh2 Be3 28. f6+ Kh8 29. Bxe3 Qxe3 30. Ng4 Qd2 31. Qf2 c4 32. Bf1 h5 33. Qc5 Kg8 34. Ne3 c3 35. bxc3 b3 36. Nc4 Qd5 37. Qxd5 Bxd5 38. Nd2 b2 39. Nf4 Be4 40. Bc4 Rd8 41. Nxe4 b1=Q 42. Nd6 Qc2+ 0-1

[Event "5th Batumi Municipality Cup 2019"]
[Site "Batumi"]
[Date "2019.07.04"]
[Round "1.16"]
[White "Lortkipanidze, Nodar"]
[Black "Tereladze, Sopiko"]
[Result "1-0"]
[WhiteElo "2311"]
[BlackElo "2144"]
[Annotator "NA"]
[PlyCount "69"]
[EventDate "2019.07.04"]
[EventCountry "GEO"]
[SourceTitle "playchess.com"]
[Source "ChessBase"]
[SourceQuality "1"]

1. e4 e5 2. Nc3 Nf6 3. g3 d5 4. exd5 Nxd5 5. Bg2 Be6 6. Nf3 Nc6 7. O-O Be7 8. Re1 Nxc3 9. bxc3 f6 10. d4 O-O 11. dxe5 Qxd1 12. Rxd1 Rad8 13. Bf4 Rxd1+ 14. Rxd1 fxe5 15. Nxe5 Nxe5 16. Bxe5 Bc5 17. Bd4 Bxd4 18. cxd4 c6 19. Be4 Rd8 20. a3 Kf7 21. f3 g6 22. Kf2 Ke7 23. Ke3 Kd6 24. h4 Bd5 25. Rh1 Rf8 26. h5 g5 27. c4 Bxe4 28. fxe4 Ke6 29. Rb1 b6 30. e5 g4 31. Ke4 Rf3 32. d5+ Kd7 33. Rd1 c5 34. d6 h6 35. e6+ 1-0

[Event "5th Batumi Municipality Cup 2019"]
[Site "Batumi"]
[Date "2019.07.04"]
[Round "1.17"]
[White "Hajiyeva, Laman"]
[Black "Atakishiyev, Elmar"]
[Result "0-1"]
[WhiteElo "2107"]
[BlackElo "2302"]
[Annotator "NA"]
[PlyCount "126"]
[EventDate "2019.07.04"]
[EventCountry "GEO"]
[SourceTitle "playchess.com"]
[Source "ChessBase"]
[SourceQuality "1"]

1. d4 d5 2. c4 c6 3. Nf3 Nf6 4. e3 e6 5. Nbd2 c5 6. b3 Nc6 7. Bb2 cxd4 8. exd4 Be7 9. Bd3 O-O 10. O-O Nb4 11. Bb1 b6 12. a3 Nc6 13. Ne5 Bb7 14. Qe2 dxc4 15. Nxc6 Bxc6 16. bxc4 Rc8 17. Re1 Re8 18. Qd3 g6 19. Ba2 Rc7 20. Nf3 Bxf3 21. Qxf3 Nh5 22. g4 Ng7 23. d5 exd5 24. cxd5 Bd6 25. Rxe8+ Nxe8 26. Bb3 a6 27. Re1 Re7 28. Qc3 Rxe1+ 29. Qxe1 Kf8 30. Qc3 f6 31. Qe3 Qe7 32. Kg2 Qxe3 33. fxe3 Be5 34. Bc1 b5 35. h3 Ke7 36. Kf3 Kd6 37. Bd2 Kd7 38. e4 g5 39. Bb4 Bd6 40. Bc2 Bxb4 41. axb4 Kd6 42. Ke3 Ke5 43. Bb1 Nd6 44. Bd3 Nf7 45. Be2 Nh8 46. Bd3 Ng6 47. Be2 Nf4 48. Bf1 h6 49. Be2 Nxh3 50. Bd1 Nf4 51. Bf3 Ng6 52. Be2 Ne7 53. Bd1 Nc8 54. Be2 Nd6 55. Bd3 Nc4+ 56. Kf3 Nb2 57. Ke3 Na4 58. Bc2 Nc3 59. Kd2 Na2 60. Bd1 Kxe4 61. d6 Nxb4 62. d7 Nc6 63. Bc2+ Ke5 0-1

[Event "5th Batumi Municipality Cup 2019"]
[Site "Batumi"]
[Date "2019.07.04"]
[Round "2.1"]
[White "Pantsulaia, Levan"]
[Black "Morchiashvili, Bachana"]
[Result "1-0"]
[WhiteElo "2612"]
[BlackElo "2335"]
[Annotator "ChessBase"]
[PlyCount "157"]
[EventDate "2019.07.04"]
[EventCountry "GEO"]
[SourceTitle "playchess.com"]
[Source "ChessBase"]
[SourceQuality "1"]

1. g3 g6 2. Bg2 Bg7 3. Nf3 Nf6 4. b3 O-O 5. Bb2 d6 6. d4 Nbd7 7. O-O Re8 8. c4 c6 9. Nc3 e5 10. d5 cxd5 11. Nxd5 Nxd5 12. Qxd5 Nf6 13. Qd2 Qb6 14. Rad1 Bg4 15. Ne1 Red8 16. Nc2 a5 17. Ne3 Be6 18. Ba3 Bf8 19. Nd5 Nxd5 20. Bxd5 a4 21. b4 Bxd5 22. Qxd5 Qc6 23. Rc1 Rdc8 24. Qd3 Rc7 25. b5 Qd7 26. Rfd1 Rac8 27. c5 Qe6 28. Qc4 Qxc4 29. Rxc4 dxc5 30. Bb2 b6 31. Rxa4 c4 32. Bc3 Rc5 33. Rb1 e4 34. Ra6 Bg7 35. Bxg7 Kxg7 36. Rxb6 c3 37. Rc1 c2 38. Kg2 Rd5 39. Rc6 Rxc6 40. bxc6 Rc5 41. Kf1 Rxc6 42. Ke1 Kf6 43. Kd2 Ke5 44. Rxc2 e3+ 45. fxe3 Ra6 46. Kc3 Ra8 47. Kb2 Rb8+ 48. Ka1 Ke4 49. Rc7 Kxe3 50. Rxf7 h5 51. Rf6 g5 52. Rf5 Rg8 53. a4 Kxe2 54. Kb2 Kd3 55. Kb3 Ke4 56. Rc5 Kf3 57. a5 h4 58. Ka4 Kg2 59. Rc2+ Kh3 60. gxh4 gxh4 61. Ra2 Rg6 62. Kb5 Rg5+ 63. Kc4 Rg4+ 64. Kd3 Rg7 65. a6 Rd7+ 66. Kc4 Rc7+ 67. Kd5 Rd7+ 68. Ke6 Ra7 69. Kf6 Ra8 70. a7 Rf8+ 71. Ke6 Re8+ 72. Kd5 Ra8 73. Ke4 Re8+ 74. Kf3 Ra8 75. Ke3 Re8+ 76. Kf2 Rf8+ 77. Kg1 Rg8+ 78. Kh1 Ra8 79. Ra4 1-0

[Event "5th Batumi Municipality Cup 2019"]
[Site "Batumi"]
[Date "2019.07.04"]
[Round "2.2"]
[White "Sargsyan, Shant"]
[Black "Lortkipanidze, Nodar"]
[Result "1-0"]
[WhiteElo "2529"]
[BlackElo "2311"]
[Annotator "ChessBase"]
[PlyCount "41"]
[EventDate "2019.07.04"]
[EventCountry "GEO"]
[SourceTitle "playchess.com"]
[Source "ChessBase"]
[SourceQuality "1"]

1. d4 b6 2. e4 Bb7 3. Bd3 e6 4. Nf3 d5 5. exd5 Qxd5 6. Nc3 Bb4 7. O-O Bxc3 8. bxc3 Nc6 9. c4 Qh5 10. Be2 Qf5 11. d5 Ne5 12. Nd4 Qf6 13. f4 Nd7 14. dxe6 Nc5 15. exf7+ Kxf7 16. Bh5+ g6 17. f5 gxh5 18. Qxh5+ Kg7 19. Bb2 Rd8 20. Ne6+ Nxe6 21. fxe6 1-0

[Event "5th Batumi Municipality Cup 2019"]
[Site "Batumi"]
[Date "2019.07.04"]
[Round "2.3"]
[White "Chkhaidze, Nikoloz"]
[Black "Sanikidze, Tornike"]
[Result "0-1"]
[WhiteElo "2330"]
[BlackElo "2509"]
[Annotator "ChessBase"]
[PlyCount "50"]
[EventDate "2019.07.04"]
[EventCountry "GEO"]
[SourceTitle "playchess.com"]
[Source "ChessBase"]
[SourceQuality "1"]

1. d4 Nf6 2. c4 e6 3. Nc3 Bb4 4. Qc2 O-O 5. e4 d5 6. e5 Ne4 7. Bd3 c5 8. Nge2 cxd4 9. Nxd4 Nd7 10. Bf4 Ndc5 11. O-O Bxc3 12. bxc3 Bd7 13. Nb3 Nxd3 14. Qxd3 Rc8 15. cxd5 Nxc3 16. dxe6 Bxe6 17. Qe3 b5 18. Bg5 Qd5 19. f4 Bf5 20. Qxa7 Ne2+ 21. Kh1 Rc2 22. Rf2 Bh3 23. Qe3 Bxg2+ 24. Rxg2 Nxf4 25. Rag1 Rxg2 0-1

[Event "5th Batumi Municipality Cup 2019"]
[Site "Batumi"]
[Date "2019.07.04"]
[Round "2.4"]
[White "Quparadze, Giga"]
[Black "Lomsadze, Davit"]
[Result "0-1"]
[WhiteElo "2499"]
[BlackElo "2292"]
[Annotator "ChessBase"]
[PlyCount "116"]
[EventDate "2019.07.04"]
[EventCountry "GEO"]
[SourceTitle "playchess.com"]
[Source "ChessBase"]
[SourceQuality "1"]

1. e4 e5 2. Bc4 Nc6 3. d3 Nf6 4. Nc3 Na5 5. Nge2 Be7 6. O-O O-O 7. a3 Nxc4 8. dxc4 c6 9. Qd3 d6 10. Bg5 Ne8 11. Bxe7 Qxe7 12. Ng3 Be6 13. Rad1 Rd8 14. b3 Qg5 15. Qe3 Qxe3 16. fxe3 g6 17. Rd3 b6 18. Rfd1 f6 19. a4 a5 20. Nb1 Rf7 21. Na3 Ra7 22. Rc3 Rda8 23. h3 Kf8 24. Rcd3 Rd7 25. Nb1 Ke7 26. Nc3 Nc7 27. R3d2 Rad8 28. Rf1 d5 29. cxd5 cxd5 30. exd5 Nxd5 31. Nxd5+ Rxd5 32. Rdf2 Rd2 33. Ne4 Rxf2 34. Rxf2 Rd1+ 35. Kh2 f5 36. Ng5 Re1 37. Nxh7 Rxe3 38. Ng5 Bd5 39. Rd2 Bc6 40. h4 f4 41. Kg1 Rg3 42. Re2 Kf6 43. Ne4+ Bxe4 44. Rxe4 Rc3 45. Re2 Kf5 46. Rd2 Rc6 47. c4 e4 48. Rd5+ Kg4 49. Kf2 e3+ 50. Ke2 Kg3 51. h5 gxh5 52. Rg5+ Kh4 53. Rg7 Rd6 54. Kf3 Rd1 55. Rg6 Rf1+ 56. Ke2 Rf2+ 57. Kd1 Rb2 58. Rf6 Kg3 0-1

[Event "5th Batumi Municipality Cup 2019"]
[Site "Batumi"]
[Date "2019.07.04"]
[Round "2.5"]
[White "Atakishiyev, Elmar"]
[Black "Maghalashvili, Davit"]
[Result "0-1"]
[WhiteElo "2302"]
[BlackElo "2485"]
[Annotator "ChessBase"]
[PlyCount "30"]
[EventDate "2019.07.04"]
[EventCountry "GEO"]
[SourceTitle "playchess.com"]
[Source "ChessBase"]
[SourceQuality "1"]

1. d4 Nf6 2. c4 e6 3. Nc3 Bb4 4. e3 O-O 5. Bd3 d5 6. a3 Bxc3+ 7. bxc3 dxc4 8. Bxc4 c5 9. Nf3 Qc7 10. Bd3 cxd4 11. cxd4 Qc3+ 12. Qd2 Qxa1 13. O-O b6 14. Bc4 Qb1 15. Bd3 Qb3 0-1

[Event "5th Batumi Municipality Cup 2019"]
[Site "Batumi"]
[Date "2019.07.04"]
[Round "2.6"]
[White "Khmiadashvili, Tamar"]
[Black "Aliyev, Ravan"]
[Result "0-1"]
[WhiteElo "2008"]
[BlackElo "2385"]
[Annotator "NA"]
[PlyCount "103"]
[EventDate "2019.07.04"]
[EventCountry "GEO"]
[SourceTitle "playchess.com"]
[Source "ChessBase"]
[SourceQuality "1"]

1. d4 Nf6 2. Nf3 g6 3. Nbd2 Bg7 4. e3 O-O 5. Bd3 d6 6. O-O Nbd7 7. e4 e5 8. dxe5 dxe5 9. Nb3 b6 10. Qe2 Bb7 11. Bg5 a5 12. a4 h6 13. Bh4 Qe7 14. Nfd2 Rfe8 15. g4 Nf8 16. Bc4 Ne6 17. Bxe6 Qxe6 18. f3 Ba6 19. c4 Nh7 20. Bf2 Ng5 21. Kh1 Nh3 22. Be3 Rad8 23. Rfc1 Rd7 24. Rc2 Red8 25. Qf1 Nf4 26. Bxf4 exf4 27. e5 Bb7 28. Re1 Rd3 29. h3 Bc6 30. Qf2 Bxa4 31. Rc3 Rxc3 32. bxc3 Bxb3 33. Nxb3 Qxc4 34. Nd4 Qxc3 35. Nb5 Qc4 36. Qb2 Rd5 37. Na3 Qb4 38. Qxb4 axb4 39. Nc4 b5 40. Na5 Rxe5 41. Rb1 c5 42. Nb3 c4 43. Nd2 b3 44. h4 Re2 45. Nxb3 cxb3 46. Rxb3 Rb2 47. Ra3 Bf6 48. h5 Rb1+ 49. Kg2 g5 50. Kf2 b4 51. Ra6 Kg7 52. Ke2 0-1

[Event "5th Batumi Municipality Cup 2019"]
[Site "Batumi"]
[Date "2019.07.04"]
[Round "2.7"]
[White "Gharibyan, Mamikon"]
[Black "Kutsanyan, Andranik"]
[Result "1-0"]
[WhiteElo "2350"]
[BlackElo "2223"]
[Annotator "NA"]
[PlyCount "109"]
[EventDate "2019.07.04"]
[EventCountry "GEO"]
[SourceTitle "playchess.com"]
[Source "ChessBase"]
[SourceQuality "1"]

1. Nf3 Nf6 2. g3 d5 3. Bg2 Bf5 4. c4 c6 5. b3 e6 6. Bb2 h6 7. O-O Be7 8. d3 O-O 9. Nc3 d4 10. Nb1 c5 11. b4 Qc7 12. bxc5 e5 13. Ba3 Nc6 14. Nbd2 Nd7 15. Nb3 a5 16. Rb1 Nb4 17. Rb2 Nxc5 18. Nxa5 Na4 19. Qxa4 Rxa5 20. Qb3 Rxa3 21. Qxa3 Nxd3 22. Qb3 Nxb2 23. Qxb2 Be4 24. Re1 f5 25. Nd2 Bxg2 26. Kxg2 Qc6+ 27. Kg1 Ra8 28. Rb1 Bg5 29. Nf3 Bf6 30. c5 Qxc5 31. Qxb7 Ra7 32. Qb3+ Kh7 33. Qe6 e4 34. Nh4 Bxh4 35. gxh4 Re7 36. Qb6 Qc2 37. h5 Re6 38. Qxe6 Qxb1+ 39. Kg2 f4 40. Qf5+ Kh8 41. Qxf4 Qb7 42. Qf8+ Kh7 43. Qf5+ Kh8 44. f3 e3 45. a4 Qb4 46. a5 Qe1 47. Qc8+ Kh7 48. Qc2+ Kh8 49. a6 Qf2+ 50. Kh3 Qf1+ 51. Kg4 Qg2+ 52. Kf4 Qxh2+ 53. Ke4 Qxh5 54. Qc8+ Kh7 55. a7 1-0